00512nam a2200181 a 4500001001300000003000900013005001700022008004100039020001000080082002000090100001900110245006200129260005000191300000900241500003500250505001800285650002700303nice12345678IN_TiNIC20260116014207.0080623s2007 newa grp 000 0 eng  ac69500a915.404025bALA aAlam, Muzaffar aIndo-Persian Travels Inn the Age of Discoveries 1400-1800 aNew Delhi bCambridge University Press c2007 a399p aincludes index and biblioraphy2 abiblio, index aTravelogue-Description